=LDR 00000nam 2200000 4500 =001 INLIS000000000015266 =005 20130612110540 =008 ***********************************Ind** =035 ##$$0010-061300000015266 =041 ##$$a Ind =082 ##$$a 632.95 =090 ##$$a 632.95, Nur-m =100 ##$$a Nurcahyo, m =245 ##$$a Memberantas Binatang Penggangu di Lingkungan Rumah, M.Nurcahyo =260 ##$$a 1996 $b Jakarta =300 ##$$a IV, 46 hlm, Ilus, 21 cm =650 ##$$a Binatang Pengganggu =850 ##$$a NBPNMAT